<?xml version="1.0" encoding="UTF-8"?>
<record
    xmlns:xsi="http://www.w3.org/2001/XMLSchema-instance"
    xsi:schemaLocation="http://www.loc.gov/MARC21/slim http://www.loc.gov/standards/marcxml/schema/MARC21slim.xsd"
    xmlns="http://www.loc.gov/MARC21/slim">

  <leader>01690cam a22002297a 4500</leader>
  <datafield tag="020" ind1=" " ind2=" ">
    <subfield code="a">9251052972</subfield>
  </datafield>
  <datafield tag="040" ind1=" " ind2=" ">
    <subfield code="c">FQG</subfield>
  </datafield>
  <datafield tag="082" ind1="0" ind2="0">
    <subfield code="a">338 FOO 2005 A079 Or.</subfield>
  </datafield>
  <datafield tag="245" ind1="1" ind2="0">
    <subfield code="a">Second meeting of the Technical Advisory Committee of the FAO project Management of Tuna Fishing Capacity: Conservation and Socio-economics :</subfield>
    <subfield code="b">15-18 March 2004, Madrid, Spain /</subfield>
  </datafield>
  <datafield tag="246" ind1="3" ind2="0">
    <subfield code="a">Management of tuna fishing capacity:conservation and socio-economics</subfield>
  </datafield>
  <datafield tag="260" ind1=" " ind2=" ">
    <subfield code="a">Rome :</subfield>
    <subfield code="b">Food and Agriculture Organization of the United Nations,</subfield>
    <subfield code="c">2005.</subfield>
  </datafield>
  <datafield tag="300" ind1=" " ind2=" ">
    <subfield code="a">xvi, 336 p. :</subfield>
    <subfield code="b">col. ill., maps ;</subfield>
    <subfield code="c">30 cm.</subfield>
  </datafield>
  <datafield tag="500" ind1=" " ind2=" ">
    <subfield code="a">"TC/M/Y5984E/1/5.05/2700"--P. [4] of cover.</subfield>
  </datafield>
  <datafield tag="520" ind1=" " ind2=" ">
    <subfield code="a">FAO's Japan-funded Project "Management of tuna fishing capacity: conservation and socio-economics" was formulated with the aim of improving the management of tuna fisheries on a global scale. Its immediate objectives are to provide the technical information necessary for the management of tuna fishing capacity and resolve the associated technical on a global scale, taking into account conservation and socio-economic issues. This publication includes papers on the studies that were considered high priority by the project and its Technical Advisory Committee at its 1st Meeting (Rome, Italy, 14-16 April 2003). Earlier versions of papers on these studies were presented to the 2nd Meeting of the TAC (Madrid, Spain, 15-18 March 2004), where they were critically discussed.</subfield>
  </datafield>
  <datafield tag="650" ind1=" " ind2="0">
    <subfield code="a">Tuna fisheries</subfield>
  </datafield>
  <datafield tag="650" ind1=" " ind2="0">
    <subfield code="a">Fishery resources</subfield>
  </datafield>
  <datafield tag="700" ind1="1" ind2=" ">
    <subfield code="a">Bayliff, William H.</subfield>
  </datafield>
  <datafield tag="700" ind1="1" ind2=" ">
    <subfield code="a">Leiva Moreno, Juan Ignacio de.</subfield>
  </datafield>
  <datafield tag="700" ind1="1" ind2=" ">
    <subfield code="a">Majkowski, Jacek.</subfield>
  </datafield>
  <datafield tag="710" ind1="2" ind2=" ">
    <subfield code="a">Food and Agriculture Organization of the United Nations.</subfield>
  </datafield>
  <datafield tag="942" ind1=" " ind2=" ">
    <subfield code="c">EK</subfield>
  </datafield>
  <datafield tag="999" ind1=" " ind2=" ">
    <subfield code="c">16075</subfield>
    <subfield code="d">16075</subfield>
  </datafield>
  <datafield tag="952" ind1=" " ind2=" ">
    <subfield code="0">0</subfield>
    <subfield code="1">0</subfield>
    <subfield code="4">0</subfield>
    <subfield code="6">338_000000000000000_FOO_2005_A079_OR</subfield>
    <subfield code="7">0</subfield>
    <subfield code="9">69876</subfield>
    <subfield code="a">LBA</subfield>
    <subfield code="b">LBA</subfield>
    <subfield code="c">A079</subfield>
    <subfield code="d">2018-01-03</subfield>
    <subfield code="o">338 FOO 2005 A079 Or.</subfield>
    <subfield code="p">RUA059892</subfield>
    <subfield code="r">2018-01-03</subfield>
    <subfield code="w">2018-01-03</subfield>
    <subfield code="y">EK</subfield>
  </datafield>
</record>
